[Event "OS INCLIVEIS"]
[Site "http://www.queenalice.com/game.php?id=1409244"]
[Date "2016.2.14"]
[Round "-"]
[White "adelio"]
[Black "jbumgarjr"]
[Result "1-0"]
[WhiteElo "1762"]
[BlackElo "1530"]

1. b4 Nf6 2. c4 d5 3. e3 e5 4. a3 c5 5. Be2 cxb4 6. h4 bxa3 7. Nxa3 Be6 8. d3
dxc4 9. Nxc4 Bb4+ 10. Bd2 Nc6 11. Bxb4 Nxb4 12. Qa4+ Qd7 13. Qxb4 Bd5 14. Nxe5
Qe6 15. d4 Nd7 16. Bg4 f5 17. Be2 Nxe5 18. dxe5 Kf7 19. h5 Rac8 20. Nf3 Bc6 21.
Ng5+ 1-0

[Event "AUTO-OPEN-3615"]
[Site "http://www.queenalice.com/game.php?id=1410002"]
[Date "2016.2.19"]
[Round "1"]
[White "jnable"]
[Black "jbumgarjr"]
[Result "1-0"]
[WhiteElo "2127"]
[BlackElo "1505"]

1. e4 Nc6 2. d4 d5 3. e5 e6 4. f4 Bd7 5. Nf3 Bb4+ 6. Bd2 Nh6 7. Bxb4 Nxb4 8. c3
Nc6 9. Bb5 O-O 10. O-O Na5 11. Bxd7 Qxd7 12. Nbd2 f6 13. exf6 Rxf6 14. Ne5 Qb5
15. Rb1 Raf8 16. a4 Qe8 17. g3 Qe7 18. b4 Nc4 19. Ndxc4 Nf5 20. Na5 b6 21. Nac6
Qe8 22. Qd3 Nd6 23. Rbe1 Nc4 24. Nxa7 Nxe5 25. dxe5 Rh6 26. Nb5 Qh5 27. Qe2 Rc8
28. Qxh5 1-0

[Event "AUTO-OPEN-3615"]
[Site "http://www.queenalice.com/game.php?id=1410003"]
[Date "2016.2.19"]
[Round "1"]
[White "jbumgarjr"]
[Black "jnable"]
[Result "0-1"]
[WhiteElo "1490"]
[BlackElo "2115"]

1. c4 e5 2. e4 c6 3. Nf3 Qc7 4. Nc3 Nf6 5. Be2 Bb4 6. b3 d6 7. O-O O-O 8. Bb2
Be6 9. d4 exd4 10. Nb1 c5 11. a3 Ba5 12. Bd3 Nbd7 13. Qc2 Ne5 14. Nxe5 dxe5 15.
f4 exf4 16. Rxf4 Qxf4 17. Qf2 Qxf2+ 18. Kxf2 Ng4+ 19. Kf3 Ne5+ 20. Kf4 Nxd3+ 21.
Kg3 Nxb2 22. Ra2 Bc3 0-1

[Event "AUTO-OPEN-3615"]
[Site "http://www.queenalice.com/game.php?id=1410024"]
[Date "2016.2.19"]
[Round "1"]
[White "Constante"]
[Black "jbumgarjr"]
[Result "1-0"]
[WhiteElo "2335"]
[BlackElo "1509"]

1. e4 Nc6 2. Nf3 d5 3. exd5 Nb8 4. Nc3 Bg4 5. d4 e6 6. h3 Bh5 7. Qe2 Bb4 8. Bd2
Bxc3 9. Bxc3 Qxd5 10. Qe3 Nf6 11. Bd3 O-O 12. Ne5 Qxg2 13. Kd2 Nd5 14. Qg3 Qxg3
15. fxg3 Bf3 16. Nxf3 Re8 17. Rhf1 Nc6 18. a3 Nb8 19. Ne5 Nd7 20. Nxd7 Rad8 21.
Ne5 Rf8 22. Rae1 f6 23. Ng4 f5 24. Ne5 Rf6 25. g4 fxg4 26. Nxg4 Rff8 27. Rxe6
Rxf1 28. Bxf1 Nf4 29. Re4 Rf8 30. Re7 Nd5 31. Bc4 c6 32. Rxb7 1-0

[Event "AUTO-OPEN-3615"]
[Site "http://www.queenalice.com/game.php?id=1410025"]
[Date "2016.2.19"]
[Round "1"]
[White "jbumgarjr"]
[Black "Constante"]
[Result "0-1"]
[WhiteElo "1503"]
[BlackElo "2316"]

1. c4 Nf6 2. d4 e6 3. Nc3 Bb4 4. a3 Bxc3+ 5. bxc3 c5 6. d5 exd5 7. cxd5 d6 8.
Bg5 Nbd7 9. e4 O-O 10. Bd3 Ne5 11. Nf3 Bg4 12. O-O Re8 13. h3 Nxf3+ 14. Kh1 Nxg5
15. hxg4 Ngxe4 16. Bxe4 Nxe4 17. Qb3 Qh4+ 18. Kg1 Qxg4 19. Qxb7 Nd2 20. Rfd1
Nf3+ 21. Kf1 Qc4+ 0-1

[Event "AUTO-OPEN-3615"]
[Site "http://www.queenalice.com/game.php?id=1410039"]
[Date "2016.2.19"]
[Round "1"]
[White "Jomaley"]
[Black "jbumgarjr"]
[Result "1-0"]
[WhiteElo "1578"]
[BlackElo "1408"]

1. d3 e5 2. e4 d5 3. h4 Nc6 4. c3 Nf6 5. f3 dxe4 6. dxe4 Be6 7. b4 Qxd1+ 8. Kxd1
a5 9. b5 Na7 10. Bg5 Nxb5 11. Bxb5+ Ke7 12. Ke1 h6 13. Bxf6+ gxf6 14. Ne2 c6 15.
Bd3 b5 16. Nd2 h5 17. c4 bxc4 18. Nxc4 Ke8 19. Nb6 Rd8 20. Bc2 Bc5 21. Na4 Bb4+
22. Kf2 f5 23. exf5 Bxf5 24. Bxf5 Ke7 25. a3 Bd6 26. Rhc1 Kf6 27. Bh3 c5 28.
Nxc5 Bxc5+ 29. Rxc5 Ra8 30. a4 Rhd8 31. g4 Rd2 32. gxh5 Rad8 33. Rxa5 Rb2 34.
Ra6+ Kg7 35. h6+ Kh8 36. Rf6 Rdd2 37. Bf1 Rd7 38. a5 Rbb7 39. a6 Ra7 40. Nc3 Re7
41. Rb1 Kh7 42. Nd5 Re6 43. Rb7 Rxb7 44. axb7 Re8 45. Rxf7+ Kxh6 46. Rf6+ Kg7
47. h5 Rb8 48. Rb6 Kh7 49. h6 Kh8 50. Nf6 Rxb7 51. Rxb7 e4 52. Rh7# 1-0

[Event "AUTO-INT-3115"]
[Site "http://www.queenalice.com/game.php?id=1413495"]
[Date "2016.3.14"]
[Round "1"]
[White "Mariojose"]
[Black "jbumgarjr"]
[Result "1-0"]
[WhiteElo "1534"]
[BlackElo "1476"]

1. e4 Nc6 2. Nf3 d6 3. Nc3 Bg4 4. Ne2 Ne5 5. Ned4 e6 6. Be2 Nxf3+ 7. Bxf3 Bxf3
8. Qxf3 Nf6 9. Qe3 e5 10. Nb5 Be7 11. O-O b6 12. h3 d5 13. d3 O-O 14. Qg3 Nh5
15. Qg4 Nf4 16. Bxf4 exf4 17. exd5 Qxd5 18. Nxc7 Qc5 19. Nxa8 Rxa8 20. Qxf4 Qxc2
21. Qe5 Bf6 22. Qe4 Rf8 23. Rfe1 Qxb2 24. Qe8 Qd4 25. Rac1 h6 26. Qe4 Qxe4 27.
Rxe4 Kh7 28. Rec4 Be7 29. Rc7 Bc5 30. Rxa7 Rd8 31. Rd1 Rf8 32. Re1 Rb8 33. Rxf7
b5 34. Rc1 Bd4 35. Rd7 Bf6 36. d4 b4 37. Rb1 Rb6 38. d5 Be5 39. Re1 Bf6 40. Re6
Rb8 41. Rxf6 b3 42. axb3 Rxb3 43. Rff7 Kg6 44. Rxg7+ Kh5 45. g3 Rb1+ 46. Kg2 Rd1
47. d6 Rd2 48. Rdf7 Rxd6 49. Rf5# 1-0

[Event "AUTO-INT-3115"]
[Site "http://www.queenalice.com/game.php?id=1413496"]
[Date "2016.3.14"]
[Round "1"]
[White "jbumgarjr"]
[Black "Mariojose"]
[Result "0-1"]
[WhiteElo "1498"]
[BlackElo "1529"]

1. c4 e5 2. Nc3 Na6 3. d3 Bb4 4. Bd2 Nf6 5. Ne4 Nxe4 6. dxe4 Bc5 7. e3 O-O 8.
Nf3 Qe7 9. Bc3 Bb4 10. Qd2 Bxc3 11. Qxc3 d6 12. b4 Bd7 13. Nd2 Ba4 14. c5 Bc6
15. Bd3 dxc5 16. Nf3 f6 17. Bc4+ Kh8 18. Bd3 cxb4 19. Qc2 Nc5 20. Nh4 g6 21. f4
Nxd3+ 22. Qxd3 Rfd8 23. Qc2 Rd6 24. O-O Rad8 25. fxe5 Rd2 26. Qb3 Qxe5 27. Rad1
Qxe4 28. Rxd2 Rxd2 29. Qf7 Rxg2+ 30. Nxg2 Qxg2# 0-1

[Event "AUTO-INT-3115"]
[Site "http://www.queenalice.com/game.php?id=1413501"]
[Date "2016.3.14"]
[Round "1"]
[White "rocha"]
[Black "jbumgarjr"]
[Result "1-0"]
[WhiteElo "1778"]
[BlackElo "1468"]

1. d4 Nf6 2. f3 Nc6 3. c3 e5 4. d5 Ne7 5. e4 Ng6 6. g3 Bc5 7. Qe2 d6 8. Nh3 c6
9. Bg5 Qb6 10. a3 h6 11. Bc1 Nh7 12. b4 Bd4 13. Ra2 cxd5 14. cxd4 O-O 15. Be3 a6
16. exd5 exd4 17. Bxd4 Qxd4 18. Rd2 Qa1 19. Rb2 Qxb2 20. Qxb2 Nf6 21. Qb3 Ne5
22. Nf2 b6 23. Be2 Bb7 24. Nd2 Bxd5 25. Bc4 Nxc4 26. Nxc4 Rfe8+ 27. Kf1 Re6 28.
Qc3 Rc8 29. Kg2 Rce8 30. h3 b5 31. Nd2 Re3 32. Nd3 Re2+ 33. Kf1 R8e3 34. Rg1 Bc4
35. Nxc4 bxc4 36. Rg2 cxd3 37. Qc8+ Re8 38. Qc3 Rxg2 39. Kxg2 Re2+ 40. Kf1 Rc2
41. Qxd3 Rc1+ 42. Kg2 Ra1 43. Qxa6 d5 44. g4 d4 45. Qd3 Ra2+ 46. Kg3 g6 47. Qxd4
Kg7 48. Qc3 1-0

[Event "AUTO-INT-3115"]
[Site "http://www.queenalice.com/game.php?id=1413502"]
[Date "2016.3.14"]
[Round "1"]
[White "jbumgarjr"]
[Black "rocha"]
[Result "0-1"]
[WhiteElo "1456"]
[BlackElo "1702"]

1. c4 c6 2. d4 d5 3. c5 Qc7 4. Nf3 f6 5. Qc2 Be6 6. e4 Bf7 7. Nc3 e6 8. Bd3 Nd7
9. e5 Be7 10. Bxh7 fxe5 11. O-O Ndf6 12. Ng5 Bd8 13. Nxf7 Kxf7 14. Qg6+ Kf8 15.
Ne2 Ne7 16. Qc2 Rxh7 17. Bg5 Nf5 18. Ng3 Nxd4 19. Qg6 Qf7 20. Qc2 Nxc2 21. Rac1
Nd4 22. f4 Bc7 23. f5 Bd8 24. Rce1 Qc7 25. fxe6 Nxe6 26. Bxf6 Bxf6 27. Nf5 e4
28. b3 Qxh2+ 29. Kf2 Nf4 30. Rg1 Nd3+ 0-1

[Event "AUTO-OPEN-3626"]
[Site "http://www.queenalice.com/game.php?id=1413687"]
[Date "2016.3.16"]
[Round "1"]
[White "DORJJA"]
[Black "jbumgarjr"]
[Result "1-0"]
[WhiteElo "1287"]
[BlackElo "1462"]

1. e4 Nc6 2. d4 d5 3. e5 Bf5 4. a3 e6 5. Nf3 Qe7 6. Bb5 a6 7. Bxc6+ bxc6 8. O-O
f6 9. Bf4 Nh6 10. h3 c5 11. Bxh6 gxh6 12. c3 cxd4 13. cxd4 c5 14. Nh4 cxd4 15.
Qxd4 fxe5 16. Qxe5 Bg7 17. Nxf5 Bxe5 18. Nxe7 Kxe7 19. Nc3 Rhb8 20. Rab1 Rb7 21.
Rfe1 Rab8 22. Rxe5 Rxb2 23. Rxb2 Rxb2 24. a4 Rc2 25. Nd1 Rc1 26. Re1 Ra1 27. Kh2
Rxa4 28. Ne3 a5 29. Nxd5+ Kd6 30. Nc3 Rc4 31. Ne4+ Ke7 32. f3 a4 33. Nd2 Rc2 34.
Nb1 Rc5 35. Re4 Ra5 36. Na3 e5 37. Rh4 Ra6 38. Rh5 Kf6 39. Rxh6+ 1-0

[Event "AUTO-OPEN-3626"]
[Site "http://www.queenalice.com/game.php?id=1413688"]
[Date "2016.3.16"]
[Round "1"]
[White "jbumgarjr"]
[Black "DORJJA"]
[Result "0-1"]
[WhiteElo "1439"]
[BlackElo "1310"]

1. c4 Nf6 2. Nf3 d5 3. cxd5 Qxd5 4. d4 Nc6 5. Qc2 h6 6. Bf4 Bf5 7. Qb3 Qxb3 8.
axb3 a6 9. Bxc7 Nb4 10. Ne5 Nc2+ 11. Kd2 Nxa1 12. Nc3 Nxb3+ 13. Kd1 Ne4 14. Nxe4
Bxe4 15. e3 Rc8 16. Bb6 Bd3 17. Nxd3 e6 18. g3 Rc6 19. Bc5 Bxc5 20. Nxc5 Nxc5
21. Bg2 Rd6 22. Ke2 Nb3 23. Bxb7 O-O 24. h4 Rb8 25. Bxa6 Rxa6 26. Rd1 Na5 27.
Rc1 Rxb2+ 28. Kf3 Rc6 29. Ra1 Nb3 30. Ra8+ Kh7 31. Ra7 Kg6 32. e4 Nxd4+ 33. Kg2
Rcc2 34. Ra4 Rxf2+ 35. Kh3 Kh5 36. Ra5+ Kg6 37. h5+ Kh7 38. Ra4 Nf3 39. Ra7 f5
40. exf5 exf5 41. Ra5 Rh2# 0-1

[Event "AUTO-OPEN-3626"]
[Site "http://www.queenalice.com/game.php?id=1413711"]
[Date "2016.3.16"]
[Round "1"]
[White "Prosperidade"]
[Black "jbumgarjr"]
[Result "1-0"]
[WhiteElo "2232"]
[BlackElo "1410"]

1. d4 e6 2. c4 c5 3. d5 exd5 4. cxd5 Nf6 5. Nc3 b6 6. e4 Bd6 7. Nf3 O-O 8. Be2
a5 9. e5 Be7 10. exf6 Bxf6 11. O-O d6 12. h3 Bb7 13. a4 Na6 14. Qb3 Nb4 15. Bc4
Re8 16. Bf4 Nd3 17. Bxd3 Ba6 18. Bxa6 Rxa6 19. Qb5 Qa8 20. Rae1 Rf8 21. Bxd6 Rd8
22. Be5 Qb7 23. Bxf6 gxf6 24. Ne4 Kg7 25. Nc3 Raa8 26. Qc4 Rab8 27. Qg4+ Kh8 28.
Re4 Rg8 29. Qf5 Rg6 30. Nh4 Rg7 31. Qxf6 Rg8 32. Re7 Qa6 33. Rxf7 Qc8 34. Rxg7
Rxg7 35. Nf5 Qg8 36. Nxg7 Qxg7 37. Qxg7+ Kxg7 38. Re1 1-0

[Event "AUTO-OPEN-3626"]
[Site "http://www.queenalice.com/game.php?id=1413712"]
[Date "2016.3.16"]
[Round "1"]
[White "jbumgarjr"]
[Black "Prosperidade"]
[Result "0-1"]
[WhiteElo "1412"]
[BlackElo "2220"]

1. c4 e5 2. d4 exd4 3. Nf3 c5 4. e3 dxe3 5. Bxe3 Nc6 6. Bd3 d6 7. Nc3 Nf6 8. Bg5
Be7 9. Nd5 Nxd5 10. cxd5 Bxg5 11. dxc6 Bf6 12. Rb1 bxc6 13. Qe2+ Qe7 14. O-O
Qxe2 15. Bxe2 O-O 16. Rfe1 Be6 17. b3 a5 18. h3 a4 19. bxa4 Rxa4 20. Ra1 Rxa2
21. Rxa2 Bxa2 22. Ra1 Bxa1 0-1

[Event "AUTO-OPEN-3626"]
[Site "http://www.queenalice.com/game.php?id=1413725"]
[Date "2016.3.16"]
[Round "1"]
[White "shirya00007"]
[Black "jbumgarjr"]
[Result "1-0"]
[WhiteElo "2147"]
[BlackElo "1418"]

1. e4 Nc6 2. d4 d5 3. e5 f6 4. f4 fxe5 5. fxe5 Bf5 6. Nf3 Bg4 7. Be2 e6 8. c3
Nce7 9. Bg5 h6 10. Bh4 g5 11. Bf2 Nf5 12. h3 Bxf3 13. Bxf3 h5 14. Bxh5+ Ke7 15.
g4 Kd7 16. gxf5 exf5 17. h4 g4 18. Bg6 Ne7 19. Bxf5+ Nxf5 20. Qxg4 Ke6 21. Qg6+
Ke7 22. Qf6+ 1-0

[Event "AUTO-OPEN-3626"]
[Site "http://www.queenalice.com/game.php?id=1413726"]
[Date "2016.3.16"]
[Round "1"]
[White "jbumgarjr"]
[Black "shirya00007"]
[Result "0-1"]
[WhiteElo "1416"]
[BlackElo "2159"]

1. c4 e5 2. Nc3 Bb4 3. a3 Bxc3 4. dxc3 d6 5. Nf3 Be6 6. Bg5 f6 7. Bd2 Nd7 8. e4
Ne7 9. Nh4 Nc5 10. g3 Nxe4 11. Bd3 Nxd2 12. Qxd2 Qd7 13. Qc2 f5 14. O-O e4 15.
Be2 O-O-O 16. Qd2 h6 17. Bh5 Bxc4 18. Rfe1 g5 19. Ng6 Nxg6 20. Bxg6 Qe6 21. Bh5
Kb8 22. Be2 d5 23. Bxc4 dxc4 24. Qe3 Rd3 25. Qe2 Rhd8 26. Rad1 Qd5 27. Rf1 Rxd1
28. Rxd1 Qxd1+ 0-1

[Event "AUTO-OPEN-3634"]
[Site "http://www.queenalice.com/game.php?id=1416729"]
[Date "2016.4.5"]
[Round "1"]
[White "RobertD"]
[Black "jbumgarjr"]
[Result "1-0"]
[WhiteElo "1916"]
[BlackElo "1466"]

1. e4 e5 2. d4 d6 3. dxe5 dxe5 4. Nf3 Nc6 5. Bb5 Bg4 6. h3 Bxf3 7. Qxf3 Ne7 8.
Bc4 Qd6 9. Bxf7+ Kd8 10. O-O Qf6 11. Qxf6 gxf6 12. Rd1+ Nd4 13. c3 Nc6 14. cxd4
Nxd4 15. Be3 Bc5 16. Nc3 Ke7 17. Bb3 b6 18. Nd5+ Kd7 19. Nxf6+ Kc6 20. Bd5+ 1-0

[Event "AUTO-OPEN-3634"]
[Site "http://www.queenalice.com/game.php?id=1416730"]
[Date "2016.4.5"]
[Round "1"]
[White "jbumgarjr"]
[Black "RobertD"]
[Result "1-0"]
[WhiteElo "1450"]
[BlackElo "1946"]

1. d4 d5 2. Nf3 Bg4 3. h3 Bxf3 4. exf3 Nf6 5. Bb5+ c6 6. Ba4 b5 7. Bb3 a5 8. c3
a4 9. Bc2 e6 10. Bg5 h6 11. Bh4 Be7 12. O-O Nbd7 13. Nd2 Nb6 14. f4 Qc7 15. Nf3
Qxf4 16. Bg3 1-0

[Event "AUTO-OPEN-3634"]
[Site "http://www.queenalice.com/game.php?id=1416755"]
[Date "2016.4.5"]
[Round "1"]
[White "szachograjek"]
[Black "jbumgarjr"]
[Result "1-0"]
[WhiteElo "2224"]
[BlackElo "1414"]

1. e4 Nc6 2. Nf3 d6 3. Bc4 Nf6 4. d3 Bg4 5. Bb3 Nd4 6. Nbd2 e6 7. h3 Bh5 8. g4
Bg6 9. Nxd4 h6 10. Bxe6 fxe6 11. Nxe6 Qe7 12. Nf4 Bh7 13. b3 Qe5 14. Ne6 Qxe6
15. Bb2 O-O-O 16. Qe2 Nd7 17. O-O-O Rg8 18. f4 g6 19. f5 gxf5 20. gxf5 Qf7 21.
Qf2 Bg7 22. Qxa7 Nb8 23. Rdf1 Bxb2+ 24. Kxb2 Kd7 25. Qxb7 Rg2 26. Nc4 Qh5 27.
Nb6+ Ke8 28. Qxc7 Qe2 29. f6 Bg6 30. f7+ Kf8 31. Qxd8+ Kg7 32. f8=Q+ 1-0

[Event "AUTO-OPEN-3634"]
[Site "http://www.queenalice.com/game.php?id=1416756"]
[Date "2016.4.5"]
[Round "1"]
[White "jbumgarjr"]
[Black "szachograjek"]
[Result "0-1"]
[WhiteElo "1464"]
[BlackElo "2232"]

1. d4 Nf6 2. Nf3 d6 3. e3 g6 4. c4 Bg7 5. c5 dxc5 6. Bb5+ Bd7 7. O-O Bxb5 8. Re1
Bc6 9. dxc5 Qxd1 10. Rxd1 Bxf3 11. gxf3 Nc6 12. Bd2 O-O-O 13. Nc3 Ne5 14. f4 Nc4
15. Be1 Nxb2 16. Rxd8+ Rxd8 17. e4 Nd3 18. Bd2 Nxe4 19. Be3 Nxc3 20. c6 Ne2+ 21.
Kg2 Nexf4+ 0-1

[Event "AUTO-OPEN-3634"]
[Site "http://www.queenalice.com/game.php?id=1416771"]
[Date "2016.4.5"]
[Round "1"]
[White "Black_bishop"]
[Black "jbumgarjr"]
[Result "1-0"]
[WhiteElo "1985"]
[BlackElo "1399"]

1. e4 Nc6 2. d4 d5 3. e5 Bf5 4. a3 e6 5. Nf3 f6 6. Bb5 fxe5 7. Nxe5 Ne7 8. Bxc6+
Nxc6 9. Qh5+ g6 10. Qd1 Nxe5 11. dxe5 Bc5 12. O-O c6 13. c3 Qb6 14. b4 Be7 15.
Be3 Qc7 16. f4 Bd8 17. Nd2 h5 18. c4 g5 19. cxd5 cxd5 20. Qa4+ Ke7 21. Bc5+ Kf7
22. fxg5 Be7 23. Rac1 Bxc5+ 24. Rxc5 Qb6 25. Qd7+ Kf8 26. Qd6+ Qxd6 27. exd6 Rd8
28. Rc7 1-0

[Event "AUTO-OPEN-3634"]
[Site "http://www.queenalice.com/game.php?id=1416772"]
[Date "2016.4.5"]
[Round "1"]
[White "jbumgarjr"]
[Black "Black_bishop"]
[Result "0-1"]
[WhiteElo "1397"]
[BlackElo "1987"]

1. d4 d5 2. Nf3 e6 3. Bf4 Nc6 4. Ne5 Nxe5 5. Bxe5 Nf6 6. e3 a6 7. c4 Bb4+ 8. Nd2
Bxd2+ 9. Qxd2 O-O 10. Bd3 c6 11. O-O h6 12. Qc2 Bd7 13. Bxf6 Qxf6 14. Bh7+ Kh8
15. Bd3 e5 16. dxe5 Qxe5 17. f4 Qf6 18. Rf3 dxc4 19. Qxc4 Be6 20. Qe4 g6 21. Qb4
b5 22. Qc5 Qxb2 23. Qc1 Qxc1+ 24. Rxc1 Rac8 25. a3 Rfd8 26. Be4 Bd5 27. Bxd5
cxd5 28. Rf2 Rxc1+ 0-1